书目信息 |
| 题名: |
不对称合成
|
|
| 作者: | 尤田耙 , 林国强 编著 | |
| 分册: | ||
| 出版信息: | 北京 科学出版社 2006.01 |
|
| 页数: | 432页 | |
| 开本: | 24cm | |
| 丛书名: | 现代化学基础丛书 | |
| 单 册: | ||
| 中图分类: | O621.3 | |
| 科图分类: | ||
| 主题词: | 不对称有机合成 | |
| 电子资源: | ||
| ISBN: | 7-03-016191-2 | |
| 000 | 00877nam 2200217 450 | |
| 001 | 0639048585 | |
| 005 | 20061010152316.76 | |
| 010 | @a7-03-016191-2@dCNY 56.00 | |
| 099 | @aCAL 012006023817 | |
| 200 | 1 | @a不对称合成@Abu dui chen he cheng@f尤田耙, 林国强编著 |
| 210 | @a北京@c科学出版社@d2006.01 | |
| 215 | @a432页@c图@d24cm | |
| 225 | 2 | @a现代化学基础丛书@AXian Dai Hua Hua Ji Chu Cong Shu@v8 |
| 320 | @a有书目和索引。 | |
| 330 | @a本书分两部分。第1~4章为基础部分,主要介绍与手性合成有关的基础知识和工作方法,包括:获得光活化合物的途径,测定手性化合物对映体纯度和绝对构型的方法。第5~15章为反应部分,分章介绍了手性合成的个别专题,包括:二烷基锌和其他亲核试剂对醛酮、亚胺的加成(5、6章) | |
| 606 | 0 | @a不对称有机合成 |
| 690 | @aO621.3@v4 | |
| 701 | 0 | @a尤田耙@AYou Tian Pa@4编著 |
| 701 | 0 | @a林国强@ALin Guo Qiang@4编著 |
| 801 | @aCN@c20061010 | |
| 905 | @a10447@dO621.3@eY667 | |
| 不对称合成/尤田耙, 林国强编著.-北京:科学出版社,2006.01 |
| 432页:图;24cm.-(现代化学基础丛书;8) |
| ISBN 7-03-016191-2:CNY 56.00 |
| 本书分两部分。第1~4章为基础部分,主要介绍与手性合成有关的基础知识和工作方法,包括:获得光活化合物的途径,测定手性化合物对映体纯度和绝对构型的方法。第5~15章为反应部分,分章介绍了手性合成的个别专题,包括:二烷基锌和其他亲核试剂对醛酮、亚胺的加成(5、6章) |
| ● |
| 相关链接 |
|
|
|
正题名:不对称合成
索取号:O621.3/Y667
 
预约/预借
| 序号 | 登录号 | 条形码 | 馆藏地/架位号 | 状态 | 备注 |
| 1 | 608594 | 206085948 | 自科库401/401自科库 63排5列5层/ [索取号:O621.3/Y667] | 在馆 | |
| 2 | 608595 | 206085957 | 自科库401/401自科库 63排5列5层/ [索取号:O621.3/Y667] | 在馆 | |
| 3 | 608596 | 206085966 | 自科库401/401自科库 63排5列5层/ [索取号:O621.3/Y667] | 在馆 |